| Tag |
First Indicator |
Second Indicator |
Subfields |
| LEADER |
00000cam a2200000 4500 |
| 001 |
in00000051064 |
| 005 |
20160302132703.0 |
| 008 |
720919m19721982ii a b 00010beng |
| 010 |
|
|
|a 72900197
|
| 019 |
|
|
|a 10542266
|
| 035 |
|
|
|a (OCoLC)00540758
|
| 035 |
|
|
|9 AAF4331AM
|
| 040 |
|
|
|a DLC
|c DLC
|d m.c.
|d OCL
|d MNU
|d m/c
|d TXA
|d UtOrBLW
|
| 049 |
|
|
|a TXAM
|v 1 [1572242]
|v 2 [1572322]
|v 3 [1572323]
|v 4 [1572324]
|v 5 [1572325]
|v 6 [1572326]
|v 7 [1572327]
|v 8 [440560]
|v 9 [1572960]
|v 10 [1574193]
|v 11 [1114006]
|v 12 [1115114]
|v 13 [1502149]
|v 14 [1503024]
|v 15 [803869]
|c 2
|v 7 [1572327]
|v 8 [1572806]
|
| 050 |
0 |
0 |
|a DS481.N35
|b A25 1972
|
| 082 |
0 |
|
|a 954.04/092/4
|a B
|
| 100 |
1 |
|
|a Nehru, Jawaharlal,
|d 1889-1964.
|
| 245 |
1 |
0 |
|a Selected works of Jawaharlal Nehru. :
|b [Advisory board: M. Chalapathi N. Y. Sharada Prasad, and B. R. Nanda;general editor: S. Gopal.
|
| 264 |
|
1 |
|a New Delhi :
|b Orient Longman,
|c 1972-1982.
|
| 300 |
|
|
|a 15 volumes :
|b illustrations ;
|c 25 cm.
|
| 336 |
|
|
|a text
|b txt
|2 rdacontent
|
| 337 |
|
|
|a unmediated
|b n
|2 rdamedia
|
| 338 |
|
|
|a volume
|b nc
|2 rdacarrier
|
| 500 |
|
|
|a "A project of the Jawaharlal Nehru Memorial Fund."
|
| 504 |
|
|
|a Includes bibliographical references.
|
| 700 |
1 |
|
|a Chalapathi Rau, M.
|
| 700 |
1 |
|
|a Sharada Prasad, H. Y.,
|d 1924-2008.
|
| 700 |
1 |
|
|a Nanda, B. R.
|q (Bal Ram),
|d 1917-2010.
|
| 700 |
1 |
|
|a Gopal, Sarvepalli.
|
| 710 |
2 |
|
|a Jawaharlal Nehru Memorial Fund.
|
| 999 |
|
|
|a MARS
|
| 999 |
f |
f |
|s a8a10da6-37bb-3fe6-818f-adfe8ed9e096
|i ae2b092d-503f-31de-b178-ebc42a49f98b
|t 0
|
| 952 |
f |
f |
|p ric
|a Texas A&M University
|b Rellis Campus
|c Joint Library Facility
|d Remote Storage
|t 0
|e DS481.N35 A25 1972
|h Library of Congress classification
|i unmediated -- volume
|k v.6
|m A14802051753
|
| 952 |
f |
f |
|p ric
|a Texas A&M University
|b Rellis Campus
|c Joint Library Facility
|d Remote Storage
|t 0
|e DS481.N35 A25 1972
|h Library of Congress classification
|i unmediated -- volume
|k v.11
|m A14802051800
|
| 952 |
f |
f |
|p ric
|a Texas A&M University
|b Rellis Campus
|c Joint Library Facility
|d Remote Storage
|t 0
|e DS481.N35 A25 1972
|h Library of Congress classification
|i unmediated -- volume
|k v.9
|m A14802051787
|
| 952 |
f |
f |
|p ric
|a Texas A&M University
|b Rellis Campus
|c Joint Library Facility
|d Remote Storage
|t 0
|e DS481.N35 A25 1972
|h Library of Congress classification
|i unmediated -- volume
|k v.10
|m A14802051795
|
| 952 |
f |
f |
|p ric
|a Texas A&M University
|b Rellis Campus
|c Joint Library Facility
|d Remote Storage
|t 0
|e DS481.N35 A25 1972
|h Library of Congress classification
|i unmediated -- volume
|k v.2
|m A14802051711
|
| 952 |
f |
f |
|p ric
|a Texas A&M University
|b Rellis Campus
|c Joint Library Facility
|d Remote Storage
|t 0
|e DS481.N35 A25 1972
|h Library of Congress classification
|i unmediated -- volume
|k v.7
|m A14802051761
|
| 952 |
f |
f |
|p ric
|a Texas A&M University
|b Rellis Campus
|c Joint Library Facility
|d Remote Storage
|t 0
|e DS481.N35 A25 1972
|h Library of Congress classification
|i unmediated -- volume
|k v.4
|m A14802051737
|
| 952 |
f |
f |
|p ric
|a Texas A&M University
|b Rellis Campus
|c Joint Library Facility
|d Remote Storage
|t 0
|e DS481.N35 A25 1972
|h Library of Congress classification
|i unmediated -- volume
|k v.15
|m A14807325628
|
| 952 |
f |
f |
|p ric
|a Texas A&M University
|b Rellis Campus
|c Joint Library Facility
|d Remote Storage
|t 0
|e DS481.N35 A25 1972
|h Library of Congress classification
|i unmediated -- volume
|k v.8
|m A14802051779
|
| 952 |
f |
f |
|p ric
|a Texas A&M University
|b Rellis Campus
|c Joint Library Facility
|d Remote Storage
|t 0
|e DS481.N35 A25 1972
|h Library of Congress classification
|i unmediated -- volume
|k v.5
|m A14802051745
|
| 952 |
f |
f |
|p ric
|a Texas A&M University
|b Rellis Campus
|c Joint Library Facility
|d Remote Storage
|t 0
|e DS481.N35 A25 1972
|h Library of Congress classification
|i unmediated -- volume
|k v.14
|m A14805939879
|
| 952 |
f |
f |
|p ric
|a Texas A&M University
|b Rellis Campus
|c Joint Library Facility
|d Remote Storage
|t 0
|e DS481.N35 A25 1972
|h Library of Congress classification
|i unmediated -- volume
|k v.13
|m A14806101550
|
| 952 |
f |
f |
|p ric
|a Texas A&M University
|b Rellis Campus
|c Joint Library Facility
|d Remote Storage
|t 0
|e DS481.N35 A25 1972
|h Library of Congress classification
|i unmediated -- volume
|k v.1
|m A14802051703
|
| 952 |
f |
f |
|p ric
|a Texas A&M University
|b Rellis Campus
|c Joint Library Facility
|d Remote Storage
|t 0
|e DS481.N35 A25 1972
|h Library of Congress classification
|i unmediated -- volume
|k v.12
|m A14802051818
|
| 952 |
f |
f |
|p ric
|a Texas A&M University
|b Rellis Campus
|c Joint Library Facility
|d Remote Storage
|t 0
|e DS481.N35 A25 1972
|h Library of Congress classification
|i unmediated -- volume
|k v.3
|m A14802051729
|
| 998 |
f |
f |
|a DS481.N35 A25 1972
|s v.1-v.15
|t 0
|l Remote Storage
|